| 000 | 004600000a22001930004500 | ||
|---|---|---|---|
| 001 | 003532 | ||
| 003 | MACL | ||
| 005 | 20151206114018.0 | ||
| 008 | 151206b xxu||||| |||| 00| 0 eng d | ||
| 040 |
_aMACL _cMACL |
||
| 041 | _aEnglish | ||
| 082 | _a742 | ||
| 100 |
_aMurti, R.K. _919448 |
||
| 245 |
_aWhen The Nose Knows _cR.K. Murti |
||
| 260 |
_aChildren's Book Trust, _c2005 |
||
| 350 | _a18 | ||
| 650 |
_aChildren's Book _919449 |
||
| 942 |
_k742 _cBK _2ddc |
||
| 999 |
_c15432 _d15432 |
||